Catálogo
 En Linea

Hongos, parásitos y saprofitos de la República Dominicana (6a., 7a., 8a., 10a. series) / (Registro nro. 52335)

Detalles MARC
000 -CABECERA
campo de control de longitud fija 01174nam a2200313 i 4500
003 - IDENTIFICADOR DEL NÚMERO DE CONTROL
campo de control DO-SdBNP
005 - FECHA Y HORA DE LA ÚLTIMA TRANSACCIÓN
campo de control 20230519111354.0
006 - CÓDIGOS DE INFORMACIÓN DE LONGITUD FIJA--CARACTERÍSTICAS DEL MATERIAL ADICIONAL
campo de control de longitud fija a||||er|||| 00| 0
007 - CAMPO FIJO DE DESCRIPCIÓN FÍSICA--INFORMACIÓN GENERAL
campo de control de longitud fija ta
008 - DATOS DE LONGITUD FIJA--INFORMACIÓN GENERAL
campo de control de longitud fija 220829r 1927|||a|||e | ||s000 0 spa d
040 ## - FUENTE DE LA CATALOGACIÓN
Centro catalogador/agencia de origen DO-SdBNP
Lengua de catalogación spa
Centro/agencia transcriptor BNPHU
Normas de descripción rda
082 #4 - NÚMERO DE LA CLASIFICACIÓN DECIMAL DEWEY
Número de clasificación 579.5
Número de documento/Ítem G643h, 1927
Número de edición 22
100 1# - ENTRADA PRINCIPAL--NOMBRE DE PERSONA
Nombre de persona González Fragoso, R. ,
Forma completa/desarrollada del nombre (Romualdo)
Fechas asociadas al nombre 1862-1928.
9 (RLIN) 79724
245 10 - MENCIÓN DE TÍTULO
Título Hongos, parásitos y saprofitos de la República Dominicana (6a., 7a., 8a., 10a. series) /
Mención de responsabilidad, etc. Romualdo González Fragoso, Rafael Ciferri
264 ## - PRODUCCIÓN, PUBLICACIÓN, DISTRIBUCIÓN, FABRICACIÓN Y COPYRIGHT
Producción, publicación, distribución, fabricación y copyright Santo Domingo :
Nombre del de productor, editor, distribuidor, fabricante Imprenta de J. R. Vda. García,
Fecha de producción, publicación, distribución, fabricación o copyright 1927.
300 ## - DESCRIPCIÓN FÍSICA
Extensión 73 áginas:
Otras características físicas ilustraciones ;
Dimensiones 24 cm.
336 ## - TIPO DE CONTENIDO
Fuente rdacontent
Término de tipo de contenido texto
Código de tipo de contenido txt
337 ## - TIPO DE MEDIO
Fuente rdamedia
Nombre/término del tipo de medio sin mediación
Código del tipo de medio n
338 ## - TIPO DE SOPORTE
Fuente rdacarrier
Nombre/término del tipo de soporte volumen
Código del tipo de soporte nc
490 ## - MENCIÓN DE SERIE
Mención de serie Serie B
Designación de volumen o secuencia 11
500 ## - NOTA GENERAL
Nota general A la cabeza de la portada : Estación Agronómica de Moca.
590 ## - NOTA LOCAL (RLIN)
Nota local Inventariado, 2022 / SA
650 #4 - PUNTO DE ACCESO ADICIONAL DE MATERIA--TÉRMINO DE MATERIA
9 (RLIN) 37142
Término de materia o nombre geográfico como elemento de entrada Hongos
650 #4 - PUNTO DE ACCESO ADICIONAL DE MATERIA--TÉRMINO DE MATERIA
Término de materia o nombre geográfico como elemento de entrada Plantas parasitas
9 (RLIN) 82284
700 1# - PUNTO DE ACCESO ADICIONAL--NOMBRE DE PERSONA
Nombre de persona Ciferri, Rafael,
Fechas asociadas al nombre 1897-1964
9 (RLIN) 82276
710 1# - PUNTO DE ACCESO ADICIONAL--NOMBRE DE ENTIDAD CORPORATIVA
Nombre de entidad corporativa o nombre de jurisdicción como elemento de entrada Moca, República Dominicana. Estación Agronómica
9 (RLIN) 82277
910 ## - DATOS DE OPCIÓN DEL USUARIO (OCLC)
Datos de opción del usuario Validado. Control de calidad MFF
942 ## - ELEMENTOS DE PUNTO DE ACCESO ADICIONAL (KOHA)
Fuente del sistema de clasificación o colocación Dewey Decimal Classification
Tipo de ítem Koha Libro
Existencias
Estado de retiro Estado de pérdida Fuente del sistema de clasificación o colocación Restricciones de uso No para préstamo Código de colección Localización permanente Ubicación/localización actual Ubicación en estantería Fecha de adquisición Fuente de adquisición Signatura topográfica completa Código de barras Fecha visto por última vez Precio válido a partir de Tipo de ítem Koha
    Dewey Decimal Classification Excluido de préstamo   Patrimonio Dominicano Raros y Valiosos Biblioteca Nacional Pedro Henríquez Ureña Biblioteca Nacional Pedro Henríquez Ureña Depósito 30.08.2022 Donado BNPHU PD-RV 579.5 G643h 2022-3839 30.08.2022 30.08.2022 Libro

Con tecnología Koha